00730cam a22002173a 45000010005000000030006000050050017000110080041000280400015000690420007000840500007000911000026000982450144001242600029002685060030002975160020003276530045003476530051003928300028004438560041004718137PGUSA20140828083152.0050501s2005||||xxu|||||s|||||000 1 eng d aPGUSAbeng adc 4aPZ1 aMorrison, Gertrude W.14aThe Girls of Central High Aiding the Red Cross :bOr, Amateur Theatricals for a Worthy Causeh[electronic resource] /cGertrude W. Morrison bProject Gutenberg,c2005 aPublic domain in the USA. aElectronic text aHigh school students -- Juvenile fiction aRed Cross and Red Crescent -- Juvenile fiction 0aProject Gutenbergv813740uhttp://www.gutenberg.org/ebooks/8137